Statistics for Top 5 Highest Rated Players from Each Team in Madden 21

Click here to take the quiz!

General Stats

  • This quiz has been taken 167 times
  • The average score is 65 of 173

Answer Stats

TeamRatingPlayer% Correct
TB90Tom Brady
89%
NE99Stephon Gilmore
84%
LAC92Keenan Allen
78%
GB90Aaron Jones
75%
MIA88Byron Jones
75%
ARI95Chandler Jones
75%
ATL86Deion Jones
75%
ATL97Julio Jones
75%
DET85Marvin Jones
75%
KC97Travis Kelce
74%
PHI94Jason Kelce
73%
KC99Patrick Mahomes
70%
BUF92Stephon Diggs
70%
PIT86JuJu Smith-Schuster
69%
KC96Tyreek Hill
69%
CAR82Donte Jackson
68%
CHI89Eddie Jackson
68%
MIN95Harrison Smith
68%
DEN88Kareem Jackson
68%
BAL94Lamar Jackson
68%
DAL91Tyron Smith
68%
SEA97Russell Wilson
65%
HOU98J.J. Watt
64%
PIT86T.J Watt
64%
LAR99Aaron Donald
62%
OAK87Trent Brown
62%
ARI98DeAndre Hopkins
61%
BAL88Earl Thomas
61%
NO99Michael Thomas
61%
BUF91Tre'Davious White
61%
TEN93Derrick Henry
60%
DEN97Von Miller
60%
GB94Davante Adams
58%
DAL92Ezekiel Elliott
58%
SEA91Jamal Adams
58%
DAL93Amari Cooper
57%
CAR99Christian McCaffrey
57%
NE92Devin McCourty
57%
LAC91Joey Bosa
57%
TB92Mike Evans
57%
SF89Nick Bosa
57%
TB92Rob Gronkowski
57%
SF92Trent Williams
57%
ATL89Alex Mack
56%
CHI97Khalil Mack
56%
IND85Marlon Mack
56%
CLE92Nick Chubb
56%
NO93Drew Brees
55%
MIN91Dalvin Cook
54%
NYG91Saquon Barkley
54%
DAL98Zack Martin
54%
DET83Matt Stafford
52%
ATL87Matt Ryan
51%
SEA98Bobby Wagner
50%
PHI96Fletcher Cox
48%
SF98George Kittle
48%
LAR94Jalen Ramsey
48%
MIA79Jordan Howard
48%
CLE91Odell Beckham
48%
MIA82Xavien Howard
48%
SEA88Tyler Lockett
47%
MIN90Adam Thielen
46%
HOU86DeShaun Watson
46%
CLE93Myles Garrett
46%
IND94Quenton Nelson
46%
CLE87Kareem Hunt
45%
KC93Tyrann Mathieu
45%
NO96Cameron Jordan
44%
LAR89Cooper Kupp
44%
MIA84DeVante Parker
44%
PIT90Cameron Heyward
43%
LAC89Casey Hayward
43%
OAK88Josh Jacobs
43%
CIN88A.J. Green
42%
NYJ87Le'Veon Bell
42%
NE87Julian Edelman
41%
PIT87Minkah Fitzpatrick
41%
DAL89DeMarcus Lawrence
40%
CIN89Joe Mixon
40%
SF91Richard Sherman
40%
LAC89Derwin James
39%
DET86Kenny Golladay
39%
DEN90Justin Simmons
38%
IND87T.Y. Hilton
38%
LAC88Melvin Ingram
37%
OAK85Darren Waller
36%
IND87DeForest Buckner
36%
GB90Jaire Alexander
36%
TB90Lavonte David
36%
ARI86Budda Baker
35%
PHI90Darius Slay
35%
IND85Darius Leonard
34%
NE88Dont'a Hightower
34%
BAL95Calais Campbell
33%
MIN89Danielle Hunter
33%
BAL89Marlon Humphrey
33%
ATL86Todd Gurley
33%
CHI89Allen Robinson
32%
LAC88Chris Harris
32%
CAR85D.J. Moore
32%
CIN88Geno Atkins
30%
DEN84Melvin Gordon
30%
BUF88Micah Hyde
30%
KC96Mitchell Schwartz
30%
CAR84Robbie Anderson
30%
OAK93Rodney Hudson
30%
CIN83Tyler Boyd
30%
PHI90Zach Ertz
30%
GB96David Bakhtiari
29%
TEN91Kevin Byard
29%
ARI88Patrick Peterson
29%
HOU85Brandin Cooks
28%
NYJ85C.J. Mosley
28%
DEN84Courtland Sutton
28%
WAS86Kendall Fuller
28%
CHI85Kyle Fuller
28%
SEA86Chris Carson
26%
NYG88Evan Engram
25%
BAL93Ronnie Stanley
25%
NO95Terron Armstead
25%
PHI93Brandon Brooks
24%
NYJ80Jamison Crowder
24%
BUF85Jordan Poyer
24%
PIT91David DeCastro
23%
BUF83Cole Beasley
22%
SF87Fred Warner
21%
DET83Jamie Collins
21%
GB90Kenny Clark
20%
MIA86Kyle Van Noy
20%
HOU85Laremy Tunsil
20%
ARI83Larry Fitzgerald
20%
ATL90Grady Jarrett
18%
MIA79Mike Gesicki
18%
MIN89Eric Kendricks
17%
DEN85Phillip Lindsay
17%
CHI88Akiem Hicks
16%
LAR86Andrew Whitworth
16%
NYJ81Marcus Maye
16%
OAK90Richie Incognito
16%
NYG82Sterling Shepard
16%
PIT86Maukrice Pouncey
15%
NE86Shaq Mason
15%
WAS87Brandon Scherff
13%
WAS84Ryan Kerrigan
13%
CLE89Austin Hooper
12%
WAS83Da'Ron Payne
12%
DEN84Jurrell Casey
12%
TEN84Taylor Lewan
12%
TB89Ali Marpet
11%
NYJ84Avery Williamson
11%
NYG84Golden Tate
11%
MIA79Matt Breida
11%
PIT87Stephon Tuitt
11%
DEN84A.J. Bouye
10%
LAC88Brian Bulaga
10%
DET83Frank Ragnow
9%
HOU84Justin Reid
8%
CAR87Kawann Short
8%
WAS86Matthew Ioannidis
8%
IND85Ryan Kelly
8%
IND85Anthony Castonzo
7%
WAS83Tress Way
7%
DET84Justin Coleman
6%
NYG85Kevin Zeitler
6%
NO91Ryan Ramcyzk
5%
DET86Trey Flowers
5%
DET83Desmond Trufant
4%
CIN84D.J. Reader
4%
IND85Justin Houston
4%
LAR86Johnny Hekker
3%
TEN84Brett Kern
2%
TEN84Rodger Saffold
2%
MIN91Michael Pirce
0%

Score Distribution

Percentile by Number Answered

Percent of People with Each Score

Your Score History

You have not taken this quiz